| 000 | 00789nam a2200217 a 4500 | ||
|---|---|---|---|
| 999 |
_c3384 _d3384 |
||
| 001 | 3384 | ||
| 003 | BD-JhCC | ||
| 005 | 20171113132810.0 | ||
| 008 | 171113s2004 bg |||| |||| 000 0 ben d | ||
| 035 | _a(BD-JhCC) 3384 | ||
| 040 |
_aBD-JhCC _dBD-JhCC |
||
| 041 | _aben | ||
| 082 |
_a320.014 _bHUS 2004 |
||
| 100 | _aসৈয়দ আনোয়ার হোসেন | ||
| 245 |
_aঅমর একুশে ও আন্তর্জাতিক মাতৃভাষা দিবস : কিছু প্রসঙ্গ / _cহোসেন, সৈয়দ আনোয়ার |
||
| 260 |
_aঢাকা : _bশ্রাবন, _c২০০৪. |
||
| 300 |
_a৫২ পৃ. : _c২১ সেমি. |
||
| 650 | _aInternational Mother language | ||
| 942 |
_2ddc _cBK |
||